• 首页
  • 本馆介绍
  • 公告通知
  • 最新文献
  • 馆藏检索
  • 电子资源
  • 读者导购
  • 参考咨询
  • 我的图书馆
  • 登录
  • 详细信息显示
  • 放入我的书架
  • 预约/预借图书
  • 作者相关作品
  • 分类相关作品
  • 丛书相关作品
  • 出版社相关作品

书目信息

  • 表格格式
  • 工作单格式
  • 卡片格式
题名:
自律力
    
 
作者: 小野 著
分册:  
出版信息: 北京   北京联合出版社  2017
页数: 178页
开本: 21cm
丛书名: 紫图书库
单 册:
中图分类: C936-49 , C936
科图分类:
主题词: 自律--Zi Lv--通俗读物
电子资源:
ISBN: 978-7-5596-0645-7
000 00989nam0 2200289 450
001 1944353534
005 20170927172520.7
010    @a978-7-5596-0645-7@dCNY 42.00
099    @aCAL 012017138467
100    @a20170809d2017 em y0chiy50 ea
101 0  @achi
102    @aCN@b110000
105    @aa z 000yy
200 1  @a自律力@Azi lv li@f小野著
210    @a北京@c北京联合出版社@d2017
215    @a178页@c彩图@d21cm
225 2  @a紫图书库@AZi Tu Shu Ku@v6789
225 2  @a心灵励志@AXin Ling Li Zhi@v091
330    @a本书分你有多自律,就有多自由;自律的人生,你总会直面的;自由的人生,你需要整理的;精进的人生,你要持之以恒的四部分。具体内容包括:如何过一天,就如何过一生;弱者拒绝变化,强者不畏动荡;自爱的人,才能保持自律的心等。
410  0 @12001 @a紫图书库@v6789
410  0 @12001 @a心灵励志@v091
606 0  @a自律@AZi Lv@j通俗读物
690    @aC936-49@v5
690    @aC936@v4
701  0 @a小野@Axiao ye@4著
801  0 @aCN@bHEU@c20170926
905    @aBZT@dC936@e32
    
    自律力/小野著.-北京:北京联合出版社,2017
    178页:彩图;21cm.-(紫图书库;6789).-(心灵励志;091)
    
    
    ISBN 978-7-5596-0645-7:CNY 42.00
    本书分你有多自律,就有多自由;自律的人生,你总会直面的;自由的人生,你需要整理的;精进的人生,你要持之以恒的四部分。具体内容包括:如何过一天,就如何过一生;弱者拒绝变化,强者不畏动荡;自爱的人,才能保持自律的心等。
●
相关链接 在五车中查询图书 在当当中查询图书 在豆瓣中查询图书


正题名:自律力     索取号:C936/32         预约/预借

序号 登录号 条形码 馆藏地/架位号 状态 备注
1 868042   2000868042   第二书库/ [索取号:C936/32] 在馆    
2 868043   2000868043   第二书库/ [索取号:C936/32] 在馆    
3 868044   2000868044   第二书库/ [索取号:C936/32] 在馆    
山东省滨州职业学院图书馆 欢迎您!
大连网信软件有限公司© 版权所有